Štátny dlh Slovenska sa vlani nepodarilo stabilizovať Celková zadlženosť SR k 31. decembru 1993 prekročila 123 miliárd korún

Komentované štatistické údaje o vývoji zadlženosti SR v r.1993 (strednodobý a dlhodobý štátny dlh celkom, vnútorný dlh,zahraničný dlh, prevzaté záväzky od ČSOB, prechodný štátny dlh). Vývoj zahraničného štátneho dlhu. Vývoj vnútorného štátneho dlhu.

Salvato in:
Dettagli Bibliografici
Natura: Capitolo di libro
Lingua:slovacco
Soggetti:
Tags: Aggiungi Tag
Nessun Tag, puoi essere il primo ad aggiungerne!!

MARC

LEADER 00000naa a2200000 4500
001 r014816
005 20221205091351.4
041 0 |a slo 
044 |a SK 
245 1 0 |a Štátny dlh Slovenska sa vlani nepodarilo stabilizovať  |b Celková zadlženosť SR k 31. decembru 1993 prekročila 123 miliárd korún 
520 |a Komentované štatistické údaje o vývoji zadlženosti SR v r.1993 (strednodobý a dlhodobý štátny dlh celkom, vnútorný dlh,zahraničný dlh, prevzaté záväzky od ČSOB, prechodný štátny dlh). Vývoj zahraničného štátneho dlhu. Vývoj vnútorného štátneho dlhu. 
610 2 0 |a dlhy štátne 
610 2 0 |a zadlženosť vnútorná 
610 2 0 |a zadlženosť zahraničná 
610 2 0 |a Slovensko 
610 2 0 |a 1993 
610 2 0 |a údaje štatistické 
610 2 0 |a rozpočet štátny 
610 2 0 |a príjmy rozpočtu štátneho 
610 2 0 |a výdavky rozpočtu štátneho